Welcome to CU Library Online Public Access Catalogue (OPAC)

The sundance reader / (Record no. 9561)

MARC details
000 -LEADER
fixed length control field 01106cam a2200289 a 4500
001 - CONTROL NUMBER
control field 17885243
005 - DATE AND TIME OF LATEST TRANSACTION
control field 20260422180924.0
008 - FIXED-LENGTH DATA ELEMENTS--GENERAL INFORMATION
fixed length control field 130913s2015 ctua 001 0 eng d
020 ## - INTERNATIONAL STANDARD BOOK NUMBER
International Standard Book Number 9781285427201
Qualifying information pbk.
020 ## - INTERNATIONAL STANDARD BOOK NUMBER
International Standard Book Number 1285427203
Qualifying information pbk.
050 00 - LIBRARY OF CONGRESS CALL NUMBER
Classification number PE1417
Item number .S87 2015
082 00 - DEWEY DECIMAL CLASSIFICATION NUMBER
Classification number 808/.0427
Edition information 23
245 04 - TITLE STATEMENT
Title The sundance reader /
Statement of responsibility, etc. [edited by] Mark Connelly.
250 ## - EDITION STATEMENT
Edition statement 7th ed.
260 ## - PUBLICATION, DISTRIBUTION, ETC.
Place of publication, distribution, etc. Stamford, CT :
Name of publisher, distributor, etc. Cengage learning,
Date of publication, distribution, etc. c2015.
300 ## - PHYSICAL DESCRIPTION
Extent xxx, 514 p. :
Other physical details col. ill.;
Dimensions 23 cm.
500 ## - GENERAL NOTE
General note Includes index.
650 #0 - SUBJECT ADDED ENTRY--TOPICAL TERM
Topical term or geographic name entry element College readers.
650 #0 - SUBJECT ADDED ENTRY--TOPICAL TERM
Topical term or geographic name entry element English language
General subdivision Rhetoric
Form subdivision Problems, exercises, etc.
650 #0 - SUBJECT ADDED ENTRY--TOPICAL TERM
Topical term or geographic name entry element Report writing
Form subdivision Problems, exercises, etc.
650 #0 - SUBJECT ADDED ENTRY--TOPICAL TERM
Topical term or geographic name entry element Critical thinking.
700 1# - ADDED ENTRY--PERSONAL NAME
Personal name Connelly, Mark,
Dates associated with a name 1951-
856 42 - ELECTRONIC LOCATION AND ACCESS
Materials specified Contributor biographical information
Uniform Resource Identifier <a href="http://www.loc.gov/catdir/enhancements/fy1501/2013950395-b.html">http://www.loc.gov/catdir/enhancements/fy1501/2013950395-b.html</a>
856 42 - ELECTRONIC LOCATION AND ACCESS
Materials specified Publisher description
Uniform Resource Identifier <a href="http://www.loc.gov/catdir/enhancements/fy1501/2013950395-d.html">http://www.loc.gov/catdir/enhancements/fy1501/2013950395-d.html</a>
856 41 - ELECTRONIC LOCATION AND ACCESS
Materials specified Table of contents only
Uniform Resource Identifier <a href="http://www.loc.gov/catdir/enhancements/fy1501/2013950395-t.html">http://www.loc.gov/catdir/enhancements/fy1501/2013950395-t.html</a>
942 ## - ADDED ENTRY ELEMENTS (KOHA)
Source of classification or shelving scheme Library of Congress Classification
Koha item type Books
Suppress in OPAC No
999 ## -
-- 9561
-- 9561
Holdings
Withdrawn status Lost status Source of classification or shelving scheme Damaged status Not for loan Collection Home library Current library Shelving location Date acquired Total checkouts Full call number Barcode Date last seen Copy number Price effective from Koha item type
    Library of Congress Classification     Non-fiction Business Library (Miotso) Business Library (Miotso) General stacks 03/27/2026   PE1417 .S87 2015 BSSM00003481 04/22/2026 1 03/27/2026 Books
© 2023-2024 Copyright: Central University Libraries. All Rights Reserved | Created by: Mahone Tech Office